Pomenovanie modrej farby v slovanských jazykoch

Opis súčasného stavu lexémov v niektorých západoslovanských, južnoslovanských i východoslovanských jazykoch. Detailnejšia komparácia výskytu adjektív modrý a belasý v slovenčine a v ruštine.

Guardado en:
Detalles Bibliográficos
Autor principal: Uličná, Martina, 1971-
Formato: Capítulo de libro
Lenguaje:eslovaco
Materias:
Etiquetas: Agregar Etiqueta
Sin Etiquetas, Sea el primero en etiquetar este registro!

MARC

LEADER 00000naa a2200000 4500
001 0279759
005 20240502074334.9
041 0 |a slo 
044 |a SK 
245 1 0 |a Pomenovanie modrej farby v slovanských jazykoch  |c Martina Uličná 
520 |a Opis súčasného stavu lexémov v niektorých západoslovanských, južnoslovanských i východoslovanských jazykoch. Detailnejšia komparácia výskytu adjektív modrý a belasý v slovenčine a v ruštine. 
610 2 0 |a farby 
610 2 0 |a jazyk odborný 
610 2 0 |a jazyky cudzie 
610 2 0 |a komunikácia interkultúrna 
100 1 |a Uličná, Martina, 1971-